000 00839nam a22001577a 4500
003 OSt
005 20150916173859.0
008 150916b xxu||||| |||| 00| 0 eng d
040 _cRUA
082 _aAGR KEO 2004 B029 Or.1
100 _9628
_aKEO KYNAL
245 _aA comparison of the impacts of difference types of organic mulches on hot pepper under crops experimmental station condition of royal university of agriculture,(ប្រៀបធៀបឥទ្ធិពលប្រភេទគំរបធម្មជាតិលើដំណាំម្ទេសក្នុងលក្ខខ័ណ្ឌស្ថានីយ៍ពិសោធន៍ដំនាំនៃសាកលវិទ្យាល័យភូមិន្ទកសិកម្ម)
260 _aphnom penh
_bRUA
_c2004
300 _a55p.
_cill.
_g29cm.
942 _2ddc
_cAGR
999 _c602
_d602